| 000 | 00860nam a2200253 a 4500 | ||
|---|---|---|---|
| 001 | adlib96000001 | ||
| 003 | ViArRB | ||
| 005 | 200902210153555.7 | ||
| 008 | 960221s1955 dcuabcdjdbkoqu001 0deng d | ||
| 020 | _a | ||
| 022 | _a | ||
| 040 | _aAdlib | ||
| 082 | _a | ||
| 245 | _asolvability of nonlinear equations and boundary value problems | ||
| 250 | _a | ||
| 260 |
_aDordrecht _bD Reidel _c1980 |
||
| 300 |
_a390 p.illus _c |
||
| 500 | _a "Published in co-edition with Society of Czechslovak Mathematicians and Physicists, Prague | ||
| 100 |
_aFucik, Svatopluk _e |
||
| 700 |
_a _a |
||
| 942 | _cBK | ||
| 653 |
_aadvanced Calculus _aCalculus _aDifferential equations _aMathematical sciences _aMathematics _aNumber theory _aSet theory _aGroup theory |
||
| 952 |
_w2010-06-16 _p00027983 _r2010-06-16 _40 _00 _bUL _10 _o517.927 _d2010-06-16 _70 _yBK _aUL |
||
| 999 |
_c12556 _d12555 |
||